[Event "FIN-chT 1819"]
[Site "Finland"]
[Date "2018.09.16"]
[Round "2.6"]
[White "Nokka, Risto"]
[Black "Nivala, Tuomas"]
[Result "1/2-1/2"]
[WhiteElo "2197"]
[BlackElo "2183"]
[PlyCount "40"]
[EventDate "2018.09.15"]
[EventType "team-tourn"]
[EventRounds "11"]
[EventCountry "FIN"]
[SourceTitle "CBM 186 Extra"]
[Source "ChessBase"]
[SourceDate "2018.08.24"]
[SourceVersion "1"]
[SourceVersionDate "2018.08.24"]
[SourceQuality "1"]
[WhiteTeam "Joensuu SK"]
[BlackTeam "Jyvaskyla JyS"]
[WhiteTeamCountry "FIN"]
[BlackTeamCountry "FIN"]

1. e4 g6 2. d4 Bg7 3. Nc3 c6 4. Nf3 d6 5. h3 Nf6 6. Be3 Nbd7 7. Qd2 Qa5 8. Bd3 e5 9. 0-0 0-0 10. Rad1 Re8 11. dxe5 Nxe5 12. Be2 Qb4 13. Nxe5 dxe5 14. Nd5 Qxd2 15. Nxf6+ Bxf6 16. Rxd2 Be6 17. b3 Red8 18. Rfd1 b6 19. Bg4 Bxg4 20. hxg4 Rxd2 1/2-1/2

[Event "FIN-chT1B 1617"]
[Site "Finland"]
[Date "2017.02.04"]
[Round "6.4"]
[White "Nokka, Risto"]
[Black "Salimaki, Janne"]
[Result "1-0"]
[WhiteElo "2248"]
[BlackElo "2108"]
[PlyCount "127"]
[EventDate "2016.09.17"]
[EventType "team-tourn"]
[EventRounds "7"]
[EventCountry "FIN"]
[SourceTitle "EXT 2019"]
[Source "ChessBase"]
[SourceDate "2018.10.10"]
[SourceVersion "1"]
[SourceVersionDate "2018.10.10"]
[SourceQuality "1"]
[WhiteTeam "Joensuu SK"]
[BlackTeam "Espoo MatSK II"]
[WhiteTeamCountry "FIN"]
[BlackTeamCountry "FIN"]

1. c4 e6 2. Nf3 Nf6 3. e3 b6 4. Nc3 Bb7 5. d4 d5 6. b3 Bd6 7. Bd3 0-0 8. 0-0 Nbd7 9. Bb2 a6 10. Rc1 Ne4 11. Qc2 f5 12. Rfd1 Qe7 13. Ne2 Ndf6 14. h3 Rac8 15. Ne5 c5 16. f3 Ng5 17. Nf4 Nf7 18. Qf2 cxd4 19. exd4 Bxe5 20. dxe5 Nd7 21. Bxf5 exf5 22. e6 Nf6 23. exf7+ Qxf7 24. Bxf6 Qxf6 25. Nxd5 Bxd5 26. Rxd5 Rfe8 27. Rcd1 Re6 28. Qd4 Qxd4+ 29. R1xd4 Re2 30. Rd8+ Rxd8 31. Rxd8+ Kf7 32. Rd6 Rxa2 33. Rxb6 a5 34. f4 h5 35. h4 g6 36. Kh2 a4 37. b4 a3 38. Ra6 Rb2 39. b5 Rb4 40. Rxa3 Rxc4 41. Rb3 Rc7 42. Kg3 Ke6 43. Kf3 Kd6 44. Ke3 Re7+ 45. Kd3 Kc5 46. b6 Rb7 47. Kc3 Kd5 48. Kd3 Kc5 49. g3 Rd7+ 50. Kc3 Rb7 51. Rb2 Kd5 52. Rb5+ Ke4 53. Kc4 Kf3 54. Rb3+ Kg4 55. Kc5 g5 56. hxg5 h4 57. gxh4 Kxf4 58. g6 Kg4 59. h5 Kxh5 60. Rg3 Rg7 61. b7 Rg8 62. g7 f4 63. Rh3+ Kg4 64. Rh8 1-0

[Event "FIN-chT 1415"]
[Site "Finland"]
[Date "2014.10.19"]
[Round "4.6"]
[White "Nokka, Risto"]
[Black "Nivala, Tuomas"]
[Result "0-1"]
[WhiteElo "2245"]
[BlackElo "2208"]
[PlyCount "48"]
[EventDate "2014.09.27"]
[EventType "team-tourn"]
[EventRounds "11"]
[EventCountry "FIN"]
[SourceTitle "EXT 2016"]
[Source "ChessBase"]
[SourceDate "2015.10.08"]
[SourceVersion "1"]
[SourceVersionDate "2015.10.08"]
[SourceQuality "1"]
[WhiteTeam "Vantaa EtVaS"]
[BlackTeam "Jyvaskyla JyS"]
[WhiteTeamCountry "FIN"]
[BlackTeamCountry "FIN"]

1. e4 e6 2. d4 d5 3. Nd2 Nc6 4. Ngf3 Nf6 5. e5 Nd7 6. c3 f6 7. exf6 Qxf6 8. Bb5 Bd6 9. 0-0 0-0 10. Qb3 Ne7 11. Bd3 Kh8 12. c4 c6 13. c5 Bc7 14. Qc2 e5 15. Bxh7 g6 16. Nc4 dxc4 17. Bg5 Qf5 18. Qd2 Kxh7 19. Bxe7 Re8 20. Nh4 Qf4 21. Qc2 Qh6 22. f4 Rxe7 23. Nxg6 Qxg6 24. f5 Qf6 0-1

[Event "FIN-chT 1314"]
[Site "Finland"]
[Date "2013.09.21"]
[Round "1.4"]
[White "Nokka, Risto"]
[Black "Maki Uuro, Miika"]
[Result "1/2-1/2"]
[WhiteElo "2286"]
[BlackElo "2334"]
[PlyCount "20"]
[EventDate "2013.09.21"]
[EventType "team-tourn"]
[EventRounds "11"]
[EventCountry "FIN"]
[SourceTitle "CBM 156 Extra"]
[Source "ChessBase"]
[SourceDate "2013.10.22"]
[SourceVersion "1"]
[SourceVersionDate "2013.10.22"]
[SourceQuality "1"]
[WhiteTeam "Joensuu SK"]
[BlackTeam "Espoo MatSK"]
[WhiteTeamCountry "FIN"]
[BlackTeamCountry "FIN"]

1. d4 d5 2. c4 e6 3. Nc3 c5 4. e3 Nf6 5. Nf3 cxd4 6. exd4 Bb4 7. cxd5 exd5 8. Bb5+ Nc6 9. 0-0 0-0 10. Bxc6 bxc6 1/2-1/2

[Event "FIN-chT 1213"]
[Site "Finland"]
[Date "2012.09.28"]
[Round "1.4"]
[White "Nevanlinna, Risto"]
[Black "Nokka, Risto"]
[Result "1/2-1/2"]
[WhiteElo "2258"]
[BlackElo "2286"]
[PlyCount "56"]
[EventDate "2012.09.28"]
[EventType "team-tourn"]
[EventRounds "11"]
[EventCountry "FIN"]
[SourceTitle "CBM 150 Extra"]
[Source "ChessBase"]
[SourceDate "2012.10.19"]
[SourceVersion "1"]
[SourceVersionDate "2012.10.19"]
[SourceQuality "1"]
[WhiteTeam "Jyvaskyla JyS"]
[BlackTeam "Joensuu SK"]
[WhiteTeamCountry "FIN"]
[BlackTeamCountry "FIN"]

1. e4 c5 2. Nf3 e6 3. d4 cxd4 4. Nxd4 d6 5. c4 Nf6 6. Nc3 b6 7. Bd3 Bb7 8. 0-0 Nbd7 9. Qe2 Be7 10. b3 0-0 11. Bb2 Re8 12. Rad1 Qc7 13. Bb1 Rad8 14. f4 e5 15. Ncb5 Qb8 16. Nf5 Nc5 17. fxe5 dxe5 18. Rxd8 Bxd8 19. Nbd6 Re6 20. Nxb7 Qxb7 21. Qd2 Qd7 22. Qxd7 Ncxd7 23. Rd1 g6 24. Ne3 Be7 25. h3 Bc5 26. Kf2 Rd6 27. Rxd6 Bxd6 28. Kf3 Kf8 1/2-1/2

[Event "FIN-chT 1011"]
[Site "Finland"]
[Date "2010.11.20"]
[Round "4.4"]
[White "Nokka, Risto"]
[Black "Luukkonen, Tommi"]
[Result "1/2-1/2"]
[WhiteElo "2293"]
[BlackElo "2298"]
[PlyCount "111"]
[EventDate "2010.09.18"]
[EventType "team-tourn"]
[EventRounds "9"]
[EventCountry "FIN"]
[SourceTitle "EXT 2012"]
[Source "ChessBase"]
[SourceDate "2011.11.24"]
[SourceVersion "1"]
[SourceVersionDate "2011.11.24"]
[SourceQuality "1"]
[WhiteTeam "Joensuu SK"]
[BlackTeam "Helsinki SSK"]
[WhiteTeamCountry "FIN"]
[BlackTeamCountry "FIN"]

1. Nf3 c5 2. g3 Nc6 3. Bg2 g6 4. 0-0 Bg7 5. c4 e6 6. e3 Nge7 7. d4 cxd4 8. Nxd4 0-0 9. Nc3 d5 10. cxd5 exd5 11. Qb3 a5 12. Nxd5 Nxd5 13. Qxd5 Qxd5 14. Bxd5 Nxd4 15. exd4 Rd8 16. Re1 Bxd4 17. Be4 a4 18. Rb1 Be6 19. b3 Bc3 20. Rf1 Bh3 21. Bg5 Bxf1 22. Bxd8 Rxd8 23. Rxf1 a3 24. Rc1 Bb2 25. Re1 Rd2 26. Kf1 Bc3 27. Re2 Rd1+ 28. Kg2 b5 29. b4 Rd4 30. Rc2 Be1 31. Re2 Bc3 32. Rc2 Ba1 33. Bc6 Rxb4 34. Rc5 Rb2 35. Rc1 Rxa2 36. Bd5 Rd2 37. Rxa1 Rxd5 38. Rxa3 Kf8 39. Ra7 Ke8 40. Rb7 h5 41. Kf3 Rf5+ 42. Ke3 Kd8 43. f4 Kc8 44. Re7 Rf6 45. Kd4 h4 46. Re5 Rd6+ 47. Kc3 Rc6+ 48. Kb3 Rc1 49. Rxb5 Rh1 50. gxh4 Rxh2 51. f5 Rxh4 52. fxg6 fxg6 53. Rg5 Rh6 54. Kc4 Kd7 55. Kd5 Ke7 56. Ke5 1/2-1/2

[Event "FIN-chT1B 9899"]
[Site "Finland"]
[Date "1998.??.??"]
[Round "1.1"]
[White "Molander, Riku"]
[Black "Nokka, Risto"]
[Result "1/2-1/2"]
[WhiteElo "2235"]
[BlackElo "2260"]
[PlyCount "40"]
[EventDate "1998.??.??"]
[EventType "team-tourn"]
[EventRounds "7"]
[EventCountry "FIN"]
[SourceTitle "EXT 2022"]
[Source "ChessBase"]
[SourceDate "2021.10.06"]
[SourceVersion "1"]
[SourceVersionDate "2021.10.06"]
[SourceQuality "1"]
[WhiteTeam "Helsinki I-HSK"]
[BlackTeam "Mikkeli SK"]
[WhiteTeamCountry "FIN"]
[BlackTeamCountry "FIN"]

1. Nf3 d5 2. d4 e6 3. c4 dxc4 4. Nc3 a6 5. a4 c5 6. d5 Nf6 7. e4 exd5 8. exd5 Bd6 9. Nd2 0-0 10. Be2 Be5 11. Nxc4 Bxc3+ 12. bxc3 Nxd5 13. Bd2 Qf6 14. 0-0 Nc6 15. Bf3 Nce7 16. Re1 Rd8 17. Qc1 h6 18. Rb1 Rb8 19. a5 Bf5 20. Rb2 Nc6 1/2-1/2

[Event "FIN-chT 9697 Div-C"]
[Site "Finland"]
[Date "1997.??.??"]
[Round "6.1"]
[White "Nokka, Risto"]
[Black "Vooremaa, Andres M"]
[Result "1/2-1/2"]
[WhiteElo "2280"]
[BlackElo "2270"]
[PlyCount "47"]
[EventDate "1996.??.??"]
[EventType "team"]
[EventRounds "7"]
[EventCountry "FIN"]
[SourceTitle "EXT 1999"]
[Source "ChessBase"]
[SourceDate "1998.11.16"]
[SourceVersion "1"]
[SourceVersionDate "1998.11.16"]
[SourceQuality "1"]

1. e4 c5 2. c3 d5 3. exd5 Qxd5 4. d4 cxd4 5. cxd4 Nc6 6. Nf3 e5 7. Nc3 Bb4 8. Bd2 Bxc3 9. Bxc3 e4 10. Ne5 Nxe5 11. dxe5 Ne7 12. Qxd5 Nxd5 13. Bb5+ Bd7 14. 0-0-0 Bxb5 15. Rxd5 Bc6 16. Rd6 0-0 17. Rhd1 Rfe8 18. Kd2 Re6 19. Ke3 Rae8 20. Rxe6 fxe6 21. Rd6 Kf7 22. Bd4 a5 23. Bb6 Ra8 24. Rd8 1/2-1/2

[Event "FIN-chT 9697 Div-C"]
[Site "Finland"]
[Date "1996.??.??"]
[Round "1.1"]
[White "Nokka, Risto"]
[Black "Kiik, Kalle"]
[Result "0-1"]
[WhiteElo "2280"]
[BlackElo "2385"]
[PlyCount "48"]
[EventDate "1996.??.??"]
[EventType "team"]
[EventRounds "7"]
[EventCountry "FIN"]
[SourceTitle "EXT 1999"]
[Source "ChessBase"]
[SourceDate "1998.11.16"]
[SourceVersion "1"]
[SourceVersionDate "1998.11.16"]
[SourceQuality "1"]

1. e4 c5 2. Nf3 Nc6 3. Nc3 e6 4. g3 d6 5. Bg2 Nf6 6. 0-0 Be7 7. d4 cxd4 8. Nxd4 Bd7 9. Nde2 a6 10. a4 Qc7 11. b3 0-0 12. Qd2 Rab8 13. Bb2 b5 14. axb5 axb5 15. Rfd1 Rfc8 16. Rac1 b4 17. Na4 Na5 18. Bxf6 Bxf6 19. Qxd6 Bxa4 20. Qxc7 Rxc7 21. bxa4 Bb2 22. Rb1 Rxc2 23. e5 Rxe2 24. Bf1 Rc2 0-1

[Event "FIN-chT 9697 Div-C"]
[Site "Finland"]
[Date "1996.??.??"]
[Round "3.1"]
[White "Tammela, Kari"]
[Black "Nokka, Risto"]
[Result "1-0"]
[WhiteElo "2305"]
[BlackElo "2280"]
[PlyCount "67"]
[EventDate "1996.??.??"]
[EventType "team"]
[EventRounds "7"]
[EventCountry "FIN"]
[SourceTitle "EXT 1999"]
[Source "ChessBase"]
[SourceDate "1998.11.16"]
[SourceVersion "1"]
[SourceVersionDate "1998.11.16"]
[SourceQuality "1"]

1. Nf3 g6 2. e3 Bg7 3. d4 Nf6 4. c4 0-0 5. Nc3 d5 6. cxd5 Nxd5 7. Bc4 Nb6 8. Bb3 c5 9. 0-0 Bg4 10. dxc5 N6d7 11. h3 Bxf3 12. Qxf3 Nxc5 13. Rd1 Qa5 14. Bd2 Nxb3 15. axb3 Qb6 16. Nd5 Qxb3 17. Nc7 Nc6 18. Nxa8 Rxa8 19. Rab1 Ne5 20. Qe2 b5 21. Bc3 a5 22. Bxe5 Bxe5 23. Qf3 Rb8 24. Qd5 Qxd5 25. Rxd5 Bf6 26. Kf1 a4 27. Ke2 e6 28. Rc5 Kf8 29. Rc7 Be5 30. Ra7 Rc8 31. b3 Rc2+ 32. Kf3 Ra2 33. bxa4 bxa4 34. Rbb7 1-0

[Event "FIN-ch"]
[Site "Tampere"]
[Date "1991.??.??"]
[Round "6"]
[White "Nokka, Risto"]
[Black "Nokso Koivisto, Antti"]
[Result "1/2-1/2"]
[WhiteElo "2250"]
[BlackElo "2370"]
[PlyCount "25"]
[EventDate "1991.??.??"]
[EventType "tourn"]
[EventRounds "12"]
[EventCountry "FIN"]
[EventCategory "3"]
[SourceTitle "EXT 1999"]
[Source "ChessBase"]
[SourceDate "1998.11.16"]
[SourceVersion "1"]
[SourceVersionDate "1998.11.16"]
[SourceQuality "1"]

1. d4 d5 2. c4 e6 3. Nc3 Be7 4. cxd5 exd5 5. Bf4 Nf6 6. e3 c6 7. Qc2 0-0 8. Bd3 Re8 9. Nge2 Nbd7 10. 0-0-0 Nf8 11. Ng3 a5 12. Nf5 Bxf5 13. Bxf5 1/2-1/2

[Event "FIN-ch"]
[Site "Tampere"]
[Date "1991.??.??"]
[Round "1"]
[White "Yrjola, Jouni"]
[Black "Nokka, Risto"]
[Result "1/2-1/2"]
[WhiteElo "2505"]
[BlackElo "2250"]
[PlyCount "34"]
[EventDate "1991.??.??"]
[EventType "tourn"]
[EventRounds "12"]
[EventCountry "FIN"]
[EventCategory "3"]
[SourceTitle "EXT 1999"]
[Source "ChessBase"]
[SourceDate "1998.11.16"]
[SourceVersion "1"]
[SourceVersionDate "1998.11.16"]
[SourceQuality "1"]

1. d4 d5 2. c4 c6 3. Nc3 Nf6 4. e3 e6 5. Nf3 Bd6 6. Bd3 Nbd7 7. 0-0 0-0 8. e4 dxe4 9. Nxe4 Nxe4 10. Bxe4 h6 11. Bc2 e5 12. c5 Bc7 13. Qd3 f5 14. dxe5 Nxe5 15. Nxe5 Bxe5 16. Qc4+ Kh8 17. Bf4 Qd4 1/2-1/2